000 00649cam a22002055a 4500
001 L157510
008 130109s2010 xxk f 000 0 eng d
035 _a(Sirsi) u157510
041 0 _aeng
050 0 4 _a624.25
110 2 _aCorus
245 0 0 _aSteel bridges
_bmaterial matters
_bsustainability
260 _aScunthorpe
_bCorus
_c2010
520 _aA series of examples of steel bridges and the priorities that are necessary to consider before, during and after their construction.
590 _aKA
650 2 4 _aConstruction, sustainability, bridges, steel
651 4 _aENGLAND AND WALES
690 _aSustainability
_96271
942 _n0
999 _c114811
_d114811